000 00810nam a22002297a 4500
005 20081020160624.0
008 081020t xxu||||| |||| 00| 0 eng d
010 _aENG-84165
020 _a812502901X
020 _c195.00 (pbk)
035 _aEN-67698
082 _a150.1982
100 _aSinay, Sergio
245 _aGestalt:
_bfor beginners /
_cby Sergio Sinay; illustrated by Pablo Blasberg
260 _aNew Delhi
_bOrient Longman
_e1/24, Asaf Ali Road, New Delhi-110002
260 _c2005
300 _a176p
_bill
_c24cm
500 _aIncludes index
700 _aBlasberg, Pablo
_cill
942 _2ddc
_cEN
_h150.1982
_mSIN
999 _c17127
_d17127